000 00770nas a2200265 4500
001 BR9100266
003 BR-BrBNA
005 20231205091857.0
007 ta
008 230509b bl.|||p| |||| 00| 00por d
040 _aBR-BrBNA
_bpor
_cBiblioteca Nacional de Agricultura
041 _a(Pt)
072 _aH60
100 1 _aMachado Neto, J.G.
100 1 _aPitelli, R.A.
245 1 _aProfundidade de semeadura na emergencia de amendoim-bravo
650 _aAMENDOIM BRAVO
650 _aSEMENTE
650 _aSEMEADURA
650 _aEMERGENCIA
650 _aPLANTULA
773 0 _tPesquisa Agropecuaria Brasileira (Brazil)
_xISSN 0100-204X
_g(Nov 1988), v. 23(11) p. 1203-1208
_wBR9100266
909 _a202311
_bLúcia
_c55
_dLúcia Elande
942 _2AGRIS
_n0
_cANA
999 _c127908
_d127908